Aesthetics today
Guardat en:
| Autor principal: | |
|---|---|
| Format: | Llibre |
| Idioma: | Undetermined |
| Publicat: |
New York, Estados Unidos
Meridian Books
1968
|
| Matèries: | |
| Etiquetes: |
Afegir etiqueta
Sense etiquetes, Sigues el primer a etiquetar aquest registre!
|
MARC
| LEADER | 00000nam a2200000Ia 4500 | ||
|---|---|---|---|
| 008 | 170316s9999 xx 000 0 und d | ||
| 090 | |a 100 P-22a | ||
| 100 | |a Philipson, Morris | ||
| 245 | |a Aesthetics today | ||
| 260 | |a New York, Estados Unidos | ||
| 260 | |b Meridian Books | ||
| 260 | |c 1968 | ||
| 300 | |a 475 páginas | ||
| 650 | |a FILOSOFÍA | ||
| 650 | |a ESTÉTICA | ||
| 999 | |c 17262 |d 17262 | ||
| 040 | |a cru BVZT | ||
| 942 | |c 15 D |h 100 P-22a |2 z | ||
